| 000 | 00723cam a22002295a 4500 | ||
|---|---|---|---|
| 001 | 8425326 | ||
| 005 | 20171220110945.0 | ||
| 008 | 711117t1960 enka frb 001 0 eng d | ||
| 040 |
_aDLC _cODaWU _dOCoLC _dUk _dDLC _dEG-ScBUE _beng |
||
| 082 | 0 | 4 |
_a337.7 _222 _bSTA |
| 100 | 1 |
_aStamp, L. Dudley _q(Laurence Dudley), _d1898-1966. |
|
| 245 | 1 | 0 |
_aOur developing world / _cby L. Dudley Stamp. |
| 260 |
_aLondon : _bFaber and Faber, _cc.1960. |
||
| 300 |
_a195 p. : _bill. ; _c23 cm. |
||
| 504 | _aIncludes bibliographical references and index. | ||
| 650 | 7 |
_aNatural resources. _2BUEsh |
|
| 650 | 7 |
_aPopulation. _2BUEsh |
|
| 650 | 7 |
_aFood Supply _2BUEsh _910434 |
|
| 651 | _2BUEsh | ||
| 653 |
_bGGEN _cDecember2017 |
||
| 942 | _2ddc | ||
| 999 |
_c25752 _d25724 |
||